The chemical analysis of air pollutants

Na minha lista:
Detalhes bibliográficos
Autor principal: Jacobs, Morris B (Author)
Formato: Livro
Idioma:inglês
Publicado em: Nueva York Insterscience 1960
Colecção:Chemical Analysis. A Series of Monographs on Analytical Chemistry and its Applications, 10
Assuntos:
Tags: Adicionar Tag
Sem tags, seja o primeiro a adicionar uma tag!

MARC

LEADER 00000nam a2200000 a 4500
001 UCT3974
003 CL-VaPUC
008 961105e19600000US |||||||||||||||||eng|d
082 0 4 |a 363.739  |b JAC  |2 21 
100 |a Jacobs, Morris B  |e author  |9 482364 
245 1 4 |a The chemical analysis of air pollutants 
300 |a 430 p 
942 |c BK 
945 |d 19961105 00:00:00  |a cmena 
260 |a Nueva York  |b Insterscience  |c 1960 
650 0 |a Contaminación del aire   |9 255745 
650 0 |a Atmósfera terrestre   |9 343034 
650 7 |a CONTAMINANTES DEL AIRE  |2 CL-VaPUC  |9 365135 
650 0 |a Reacciones químicas  |9 259438 
650 0 |a Tecnología química   |9 263002 
650 7 |a INSTRUMENTOS DE MEDIDA  |2 CL-VaPUC  |9 262517 
583 |a last modification  |c 19961105 00:00:00  |k Rodrigo Vera 
490 0 |a Chemical Analysis. A Series of Monographs on Analytical Chemistry and its Applications, 10 
999 |c 253463  |d 253461 
952 |0 0  |1 0  |4 0  |6 363_739000000000000_JAC_1960  |7 0  |8 A  |9 274326  |a BIBCUR  |b BIBCUR  |d 2019-11-19  |i 1772678  |o 363.739 JAC 1960  |p 1772678  |r 2025-04-22  |w 2019-11-19  |y BK  |k QUI